The second self : computers and the human spirit

Αποθηκεύτηκε σε:
Λεπτομέρειες βιβλιογραφικής εγγραφής
Κύριος συγγραφέας: Turkle, Sherry
Μορφή: Βιβλίο
Γλώσσα:English
Δημοσίευση: Cambridge, Mass. : MIT Press, 2005
Έκδοση:20th anniversary ed.
Θέματα:
Ετικέτες: Προσθήκη ετικέτας
Δεν υπάρχουν, Καταχωρήστε ετικέτα πρώτοι!

MARC

LEADER 00000nam a2200000 i 4500
001 1/100898
008 090209s2005 eng d
020 |a 978-0-262-70111-2 
020 |a 0-262-70111-1 
035 |l 10103042 
040 |a GR-MY-UA  |b gre  |e aacr 
041 0 |a eng 
082 0 |a 004  |2 (22) 
100 1 |a Turkle, Sherry. 
245 1 4 |a The second self :  |b computers and the human spirit /  |c Sherry Turkle 
250 |a 20th anniversary ed. 
260 |a Cambridge, Mass. :   |b MIT Press,   |c 2005 
300 |a xi, 372 σ.;  |c 23 εκ. 
504 |a Βιβλιογραφία: σ. [323]-358 
504 |a Ευρετήριο: σ. [359]-372 
650 0 0 |a Computers. 
650 0 0 |a Electronic data processing  |x Psychological aspects. 
852 |a INST  |b LESVOS  |e 20090209  |h 004 TUR  |p 005100043830  |q 005100043830  |t BK  |y 0 
901 |a BIBL1-2009-1 
909 |a Λ  |b 153934 
922 |a 1ΕΛΗ  |b 200809  |c ΕΠΕΑΕΚ2/ΠΤΕ  |d ΜΙΧΑΛΟΠΟΥΛΟΣ 
970 |a ΚΑΡΑ  |b ΓΙΑΣΕΜΗ  |z 2009/02/09